00942nam a22001937a 4500003000800000008004100008037002000049040003500069041000800104080001000112100003100122245018500153260008600338300002100424502016400445650008600609655002300695700003000718BI-BuBU251104b2024 bd fr|||| 000 0 fre d bDon de l'auteur aBI-BuBUbfrecBI-BuBUdBI-BuBU0 afre a681.31 4aut.aKoriciza, Bel Floret10aConception et réalisation d'une application de gestion de notation avec la technologie USSDbcas de l'Université du BurundicBel Floret Koriciza ; Audace Manirambona, directeur aBujumburabUniversité du Burundi, Faculté des Sciences de l'Ingénieurc2024 aXI-70 f.c30 cm. aMémoire présenté à la Faculté des Sciences de l'Ingénieur en vue de l'obtention du grade de Master en Génie Informatique soutenu devant le Jury. 72BI-BuBUaLogicielxGestion de notationxTechnologie USSDzUniversité du Burundi 72BI-BuBUaMémoire1 4dir.aManirambona, Audace